00460cam a2200157ua 45000010005000000080039000050400009000440820008000531000031000612450074000922500009001662600035001753000016002106530014002266530062002402892110915n ii |||gr||||Z||||||asm cMAIN a9201 aDas, Sashi Mohan,eAuthor.11aPrakhyat bhasatattabid- dr. Banikanta Kakaticed. by Sashi Mohan Das  a1st. aBarpeta:bNabin Prakashan,994. a65p:c23cm. aBiography aBiography of Prakhyat bhasatattabid- dr. Banikanta Kakati